Comprehensive engineering chemistry / (Record no. 1010)
[ view plain ]
| 000 -LEADER | |
|---|---|
| fixed length control field | 00749nac a22001931u 4500 |
| 020 ## - INTERNATIONAL STANDARD BOOK NUMBER | |
| International Standard Book Number | 8185749477 |
| 082 ## - DEWEY DECIMAL CLASSIFICATION NUMBER | |
| Classification number | 660.2 |
| Item number | S9431 |
| 090 ## - LOCALLY ASSIGNED LC-TYPE CALL NUMBER (OCLC); LOCAL CALL NUMBER (OCLC) | |
| -- | 1010 |
| -- | 1010 |
| 100 ## - MAIN ENTRY--PERSONAL NAME | |
| Personal name | Sud, Dhiraj. |
| 245 ## - TITLE STATEMENT | |
| Title | Comprehensive engineering chemistry / |
| Statement of responsibility, etc | Sud Dhiraj. |
| 250 ## - EDITION STATEMENT | |
| Edition statement | 2nd ed. |
| 260 ## - PUBLICATION, DISTRIBUTION, ETC. (IMPRINT) | |
| Place of publication, distribution, etc | New Delhi : |
| Name of publisher, distributor, etc | S. K. Kataria & Sons, |
| Date of publication, distribution, etc | 2004. |
| 300 ## - PHYSICAL DESCRIPTION | |
| Extent | 395 p. : |
| Other physical details | illus; |
| Dimensions | 24 cm. |
| 500 ## - GENERAL NOTE | |
| General note | Includes index. |
| 650 ## - SUBJECT ADDED ENTRY--TOPICAL TERM | |
| Topical term or geographic name as entry element | Chemical engineering. |
| 942 ## - ADDED ENTRY ELEMENTS (KOHA) | |
| Item type | Book - Borrowing |
| Call number prefix | 660.2S9431 |
| Withdrawn status | Item status | Source of classification or shelving scheme | Damaged status | Not for loan | Vendor | Home library | Current library | Shelving location | Date acquired | Source of acquisition | Cost, normal purchase price | Total Checkouts | Full call number | Barcode | Date last seen | Cost, replacement price | Koha item type |
|---|---|---|---|---|---|---|---|---|---|---|---|---|---|---|---|---|---|
| Dewey Decimal Classification | Central Library | Central Library | First floor | 06/08/2016 | 50.00 | 660.2 SUD | 000003495 | 15/07/2025 | 62.50 | Book - Borrowing | |||||||
| Central Library | Central Library | First floor | 06/08/2016 | Purchase | 50.00 | 660.2 SUD | 000003494 | 15/07/2025 | 62.50 | Book - Borrowing |